Marketing research/ (Record no. 163347)

MARC details
000 -LEADER
fixed length control field 00572nam a2200193 4500
005 - DATE AND TIME OF LATEST TRANSACTION
control field 20190410173505.0
010 ## - LCCN (DPL NO)
LC control number ENG-125041
020 ## - INTERNATIONAL STANDARD BOOK NUMBER
International Standard Book Number 9789352352135
Terms of availability 280.00
035 ## - SYSTEM CONTROL NUMBER
System control number EN-108573
037 ## - SOURCE OF ACQUISITION
Source of stock number/acquisition DBAD/PUB
082 ## - DEWEY DECIMAL CLASSIFICATION NUMBER
Classification number 658.83
100 ## - MAIN ENTRY--PERSONAL NAME
Personal name Nasar, S.
245 ## - TITLE STATEMENT
Title Marketing research/
Statement of responsibility, etc by S.Nasar [and] S.Lakshmi
260 ## - PUBLICATION, DISTRIBUTION, ETC. (IMPRINT)
Place of publication, distribution, etc Madurai
Name of publisher, distributor, etc Shanlax Publications
Date of publication, distribution, etc 2015
270 ## - ADDRESS
Address 61,66 Vasantha Nagar
City Madurai
Postal code 625003
Electronic mail address shanlaxpublications@gmail.com
300 ## - PHYSICAL DESCRIPTION
Extent 205p.
Dimensions 25cm(Pbk)
700 ## - ADDED ENTRY--PERSONAL NAME
Personal name Lakshmi, S.
942 ## - ADDED ENTRY ELEMENTS (KOHA)
Source of classification or shelving scheme Dewey Decimal Classification
Item type English Books
Classification part 658.83
Call number suffix NAS
Holdings
Withdrawn status Lost status Not for loan Collection code Home library Current library Date acquired Source of acquisition Cost, normal purchase price Full call number Barcode Copy number Cost, replacement price Koha item type
    Not For Loan Non-fiction D.B.Act.Division D.B.Act.Division 10/04/2019 DBAD/PUB 280.00 658.83 NAS EN-108573 1 280.00 English Books

© Delhi Public Library
Hit Counter
free hit counter